000 00601nam a2200229Ia 4500
003 OSt
005 20221007075606.0
006 a|||||r|||| 00| 0
007 ta
008 221006b |||||||| |||| 00| 0 eng d
024 _a16,243
037 _cTextual
040 _aFLL
_cFLL
_beng
041 _2eng
_aeng
082 _aX8(J):6.2.N7, L4
100 _aBreman Jan
245 0 _aPatronage and exploitation
260 _aNew Delhi
_bManohar Publications India
_c1974
300 _a287p
_ccm.
942 _hX8(J):6.2.N7, L4
_cTEXL
_2CC
999 _c1156673
_d1156673